Statystyki dla Kierowcy F1 2022

Kliknij tutaj aby rozwiązać quiz!

Ogólne statystyki

  • Ten quiz został rozwiązany 788 razy
  • Średni wynik to 18 z 20

Statystyki odpowiedzi

HintOdpowiedź% Poprawnych
MercedesLewis Hamilton
99%
Red BullMax Verstappen
98%
FerrariCharles Leclerc
96%
Red BullSergio Pérez
95%
FerrariCarlos Sainz Jr.
94%
Alfa RomeoValtteri Bottas
94%
McLarenLando Norris
93%
AlpineFernando Alonso
92%
Aston MartinSebastian Vettel
92%
MercedesGeorge Russell
90%
AlphaTauriPierre Gasly
89%
AlphaTauriYuki Tsunoda
89%
AlpineEsteban Ocon
87%
HaasKevin Magnussen
87%
Aston MartinLance Stroll
86%
HaasMick Schumacher
86%
WilliamsAlexander Albon
85%
Alfa RomeoGuanyu Zhou
84%
WilliamsNicholas Latifi
81%
McLarenDaniel Ricciardo
80%

Rozkład punktacji

Percentyl według liczby udzielonych odpowiedzi

Procent ludzi z każdym wynikiem

Twoja historia wyników

Nie rozwiązałeś tego quizu